El club de los suicidas
Spremljeno u:
| Glavni autor: | |
|---|---|
| Format: | Knjiga |
| Jezik: | španjolski |
| Izdano: |
Santiago
Nascimento
1974
|
| Serija: | Biblioteca Popular Nascimento
|
| Teme: | |
| Oznake: |
Dodaj oznaku
Bez oznaka, Budi prvi tko označuje ovaj zapis!
|
MARC
| LEADER | 00000cam a2200000 a 4500 | ||
|---|---|---|---|
| 001 | UCF9650 | ||
| 003 | CL-VaPUC | ||
| 008 | 131206e19740000cl |||||||||||||||||spa|d | ||
| 082 | 0 | 4 | |a 823 |b STE |2 21 |
| 100 | 0 | |a Stevenson, Robert Louis |e author |9 348874 | |
| 245 | 1 | 3 | |a El club de los suicidas |
| 246 | 1 | 3 | |a El extraño caso del doctor Jekyll y Mister Hyde |
| 246 | 1 | 3 | |a La muerte de un tío vivo |
| 300 | |a 397 p | ||
| 942 | |c BK | ||
| 945 | |d 20131206 11:14:00 |a cmena | ||
| 260 | |a Santiago |b Nascimento |c 1974 | ||
| 650 | 0 | |a Novelas inglesas |9 265220 | |
| 650 | 0 | |a Literatura inglesa |9 312907 | |
| 650 | 7 | |a NOVELAS ESCOCESAS |2 CL-VaPUC |9 348025 | |
| 583 | |a last modification |c 20131206 11:14:00 |k Rodrigo Vera | ||
| 490 | 0 | |a Biblioteca Popular Nascimento | |
| 999 | |c 354066 |d 354064 | ||
| 952 | |0 0 |1 0 |2 ddc |3 erb |4 0 |6 823_000000000000000_STE_1974 |7 0 |8 A |9 459711 |a BIBART |b BIBART |i 5022843 |o 823 STE 1974 |p 5022843 |r 2025-03-13 |w 2019-11-23 |y BK |z Catalogado en:20131206 |k SRS | ||